|
|
|
|
| LEADER |
00000cam a22000004a 4500 |
| 001 |
musev2_80207 |
| 003 |
MdBmJHUP |
| 005 |
20230905052242.0 |
| 006 |
m o d |
| 007 |
cr||||||||nn|n |
| 008 |
111012s2011 enk o 00 0 eng d |
| 020 |
|
|
|a 9781847429360
|
| 020 |
|
|
|z 9781847424280
|
| 035 |
|
|
|a (OCoLC)747409554
|
| 040 |
|
|
|a MdBmJHUP
|c MdBmJHUP
|
| 100 |
1 |
|
|a Beer, Andrew.
|
| 245 |
1 |
0 |
|a Housing transitions through the life course :
|b Aspirations, needs and policy /
|c Andrew Beer and Debbie Faulkner ; with Chris Paris and Terry Clower.
|
| 264 |
|
1 |
|a Portland, Or. :
|b Policy Press,
|c 2011.
|
| 264 |
|
3 |
|a Baltimore, Md. :
|b Project MUSE,
|c 2021
|
| 264 |
|
4 |
|c ©2011.
|
| 300 |
|
|
|a 1 online resource (208 pages).
|
| 336 |
|
|
|a text
|b txt
|2 rdacontent
|
| 337 |
|
|
|a computer
|b c
|2 rdamedia
|
| 338 |
|
|
|a online resource
|b cr
|2 rdacarrier
|
| 588 |
|
|
|a Description based on print version record.
|
| 650 |
|
7 |
|a Public housing.
|2 fast
|0 (OCoLC)fst01082447
|
| 650 |
|
7 |
|a Housing policy.
|2 fast
|0 (OCoLC)fst00962432
|
| 650 |
|
7 |
|a Home ownership
|x Government policy.
|2 fast
|0 (OCoLC)fst00959352
|
| 650 |
|
0 |
|a Public housing
|z United States.
|
| 650 |
|
0 |
|a Housing policy
|z United States.
|
| 650 |
|
0 |
|a Home ownership
|x Government policy
|z United States.
|
| 650 |
|
0 |
|a Public housing
|z Great Britain.
|
| 650 |
|
0 |
|a Housing policy
|z Great Britain.
|
| 650 |
|
0 |
|a Home ownership
|x Government policy
|z Great Britain.
|
| 650 |
|
0 |
|a Public housing
|z Australia.
|
| 650 |
|
0 |
|a Housing policy
|z Australia.
|
| 650 |
|
0 |
|a Home ownership
|x Government policy
|z Australia.
|
| 651 |
|
7 |
|a United States.
|2 fast
|0 (OCoLC)fst01204155
|
| 651 |
|
7 |
|a Great Britain.
|2 fast
|0 (OCoLC)fst01204623
|
| 651 |
|
7 |
|a Australia.
|2 fast
|0 (OCoLC)fst01204543
|
| 655 |
|
7 |
|a Electronic books.
|2 local
|
| 700 |
1 |
|
|a Faulkner, Debbie.
|
| 710 |
2 |
|
|a Project Muse.
|e distributor
|
| 830 |
|
0 |
|a Book collections on Project MUSE.
|
| 856 |
4 |
0 |
|z Texto completo
|u https://projectmuse.uam.elogim.com/book/80207/
|
| 945 |
|
|
|a Project MUSE - Custom Collection
|